000 00675cam a2200229 4500
001 M91543
008 090401t1998 xxu||||| |||| 00| 0 eng d
035 _a(Sirsi) u99377
041 _aeng
110 _aRoyal Institution of Chartered Surveyors
_94900
245 _aValuation tribunals : financial management and policy review.
260 _aLondon
_bRICS
_c1998
300 _a44p. ; 30cm.
350 _a0
490 _aRICS Policy Unit Submission
_vPU/SUB/004
520 _aResponse by the RICS to the DETR consultation paper.
650 _aRATING APPEALS
650 _aVALUATION TRIBUNALS
690 _aRATING AND VALUATION
942 _n0
948 _c07/05/1998
999 _c99286
_d99286